000
00243 a2200109 4500
001
57139
082
_a
621.3815 TOC
090
_c
35071
_d
35071
100
_a
Tocci, R.J
245
_a
Digital System
260
_a
N. Jersey
_b
Englewood Cliffs
942
_a
NUST-CAE
_k
621.3815 TOC
999
_c
292212
_d
292212